000 00875nam a2200193Ia 4500
003 Ost
005 20260416102402.0
008 260416s9999||||xx |||||||||||||| ||und||
040 _cfsecg
041 _aara
082 _a658
100 _aتيتوش، مفيدة
_eمؤلف
245 0 _aمدخل لإدارة الأعمال :
_bمطبوعة موجهة لطلبة السنة الثانية ليسانس /
_c مفيدة تيتوش
260 _aالجزائر
_bجامعة الجزائر3: كلية العلوم الإقتصادية، العلوم التجارية وعلوم التسيير
_c2025
300 _a112 ورقة
_bايضاحات
_c12 سم
653 _aادارة الأعمال
710 _aجامعة الجزائر3: كلية العلوم الإقتصادية، العلوم التجارية وعلوم التسيير
_eناشر علمي
942 _cHANDOUT
999 _c41466
_d41466